00329nam a2200133Ia 4500008004100000020001800041041000800059082002100067100002000088245002700108260003900135300000800174365001300182140306s9999 xx 000 0 und d a9788131725641 aeng a658.3125bHER/PE aHerman, Aguinis aPerformance Management aNew DelhibPearson Educationc2010 a296 bRs.299/-